000 00567nam a2200229Ia 4500
003 OSt
005 20221005132801.0
006 a|||||r|||| 00| 0
007 ta
008 221004b |||||||| |||| 00| 0 kan d
024 _a59412
037 _cTextual
040 _aCRL
_cCRL
_bkan
041 _2kan
_akan
082 _aO33:gx, L8
100 _aTipparudrawami Au.
_9641630
245 0 _aVachana sahitya
260 _c1978
650 _aKANNAD LITERATURE
942 _hO33:gx, L8
_cTEXL
_2cc
999 _c1064790
_d1064790